A history of the Alameda County Medical Association. (Record no. 38485)
[ view plain ]
| 000 -LEADER | |
|---|---|
| fixed length control field | 00869cam a22002531 4500 |
| 001 - CONTROL NUMBER | |
| control field | med47002006 |
| 003 - CONTROL NUMBER IDENTIFIER | |
| control field | DLC |
| 005 - DATE AND TIME OF LATEST TRANSACTION | |
| control field | 20260227111604.0 |
| 008 - FIXED-LENGTH DATA ELEMENTS--GENERAL INFORMATION | |
| fixed length control field | 780525s1947 cauac 000 0 eng c |
| 010 ## - LIBRARY OF CONGRESS CONTROL NUMBER | |
| LC control number | med47002006 |
| 035 ## - SYSTEM CONTROL NUMBER | |
| System control number | (OCoLC)3928687 |
| 040 ## - CATALOGING SOURCE | |
| Original cataloging agency | U. S. Army Medical Libr. |
| Transcribing agency | CCC |
| Modifying agency | DLC |
| 042 ## - AUTHENTICATION CODE | |
| Authentication code | premarc |
| 050 00 - LIBRARY OF CONGRESS CALL NUMBER | |
| Classification number | R15.A345 |
| Item number | S4 |
| 082 ## - DEWEY DECIMAL CLASSIFICATION NUMBER | |
| Classification number | 610.62794 |
| 100 1# - MAIN ENTRY--PERSONAL NAME | |
| Personal name | Shutes, Milton H. |
| Fuller form of name | (Milton Henry), |
| Dates associated with a name | 1883- |
| 245 02 - TITLE STATEMENT | |
| Title | A history of the Alameda County Medical Association. |
| 260 ## - PUBLICATION, DISTRIBUTION, ETC. | |
| Place of publication, distribution, etc. | [Oakland, Calif.] |
| Name of publisher, distributor, etc. | The Alameda County Medical Association, |
| Date of publication, distribution, etc. | 1946 [i.e. 1947] |
| 300 ## - PHYSICAL DESCRIPTION | |
| Extent | 137 |
| Other physical details | illus., ports. |
| Dimensions | 23 cm. |
| 500 ## - GENERAL NOTE | |
| General note | Based on materials gathered by Dr. Frank R. Makinson. |
| 610 10 - SUBJECT ADDED ENTRY--CORPORATE NAME | |
| Corporate name or jurisdiction name as entry element | Alameda County Medical Association. |
| 650 #0 - SUBJECT ADDED ENTRY--TOPICAL TERM | |
| Topical term or geographic name entry element | Medicine |
| Geographic subdivision | California |
| -- | Alameda County |
| General subdivision | History. |
| 700 1# - ADDED ENTRY--PERSONAL NAME | |
| Personal name | Makinson, Frank Roscoe, |
| Dates associated with a name | 1885-1943. |
No items available.